[Event "London Classic rapid op 11th"]
[Site "London"]
[Date "2019.12.07"]
[Round "5"]
[White "Conway, Paul Bernard"]
[Black "Phillips, David"]
[Result "0-1"]
[WhiteElo "1852"]
[BlackElo "1646"]
[PlyCount "96"]
[EventDate "2019.12.07"]
[EventType "swiss (rapid)"]
[EventRounds "7"]
[EventCountry "ENG"]
[SourceTitle "CBM 195 Extra"]
[Source "ChessBase"]
[SourceDate "2020.05.31"]
[SourceVersion "1"]
[SourceVersionDate "2020.05.31"]
[SourceQuality "1"]

1. e4 d5 2. exd5 Qxd5 3. Nc3 Qd8 4. d4 e6 5. Nf3 Nf6 6. Bc4 Be7 7. Bf4 0-0 8. 0-0 c6 9. Qd2 Nbd7 10. h3 Qb6 11. a3 Nd5 12. Bh2 Nxc3 13. Qxc3 Nf6 14. b4 a5 15. Rab1 axb4 16. axb4 Rd8 17. Rfd1 Nd5 18. Qb2 Qxb4 19. Qxb4 Nxb4 20. c3 Nd5 21. Rb3 Ra4 22. Bd3 f6 23. c4 Nb4 24. Be4 Na6 25. Bd3 Ra3 26. Rdb1 Rxb3 27. Rxb3 e5 28. Rb1 exd4 29. Rd1 Nc5 30. Bf1 Ne6 31. Nd2 f5 32. Bd3 g6 33. Nf3 Nc5 34. Bb1 Bf6 35. Bc7 Rd7 36. Bb6 Na4 37. Ba5 Nc3 38. Re1 Kf7 39. Bd3 Re7 40. Rc1 Ne2+ 41. Bxe2 Rxe2 42. Kf1 Ra2 43. Bb6 d3 44. Rd1 Be6 45. Nd2 Bg5 46. Be3 Bxe3 47. fxe3 Rc2 48. Ke1 Ke7 0-1

[Event "London Classic rapid op 11th"]
[Site "London"]
[Date "2019.12.07"]
[Round "1"]
[White "Haydon, David Leslie"]
[Black "Conway, Paul Bernard"]
[Result "1-0"]
[WhiteElo "2303"]
[BlackElo "1852"]
[PlyCount "51"]
[EventDate "2019.12.07"]
[EventType "swiss (rapid)"]
[EventRounds "7"]
[EventCountry "ENG"]
[SourceTitle "CBM 195 Extra"]
[Source "ChessBase"]
[SourceDate "2020.05.31"]
[SourceVersion "1"]
[SourceVersionDate "2020.05.31"]
[SourceQuality "1"]

1. Nf3 Nf6 2. g3 g6 3. Bg2 Bg7 4. 0-0 0-0 5. c4 c5 6. Nc3 Nc6 7. d4 cxd4 8. Nxd4 Nxd4 9. Qxd4 d6 10. b3 Qa5 11. Bb2 Nd7 12. Qd2 Rb8 13. Rfd1 Kh8 14. Qe3 a6 15. Rd5 Qd8 16. h4 b6 17. Rd2 Bb7 18. Bxb7 Rxb7 19. Nd5 e6 20. Bxg7+ Kxg7 21. Nc3 Nf6 22. Rad1 Rd7 23. Ne4 Nxe4 24. Qxe4 Qc7 25. Rxd6 Rfd8 26. Qd4+ 1-0

[Event "BCF-chT3Sa 1718 (4NCL)"]
[Site "England"]
[Date "2018.01.14"]
[Round "4.44"]
[White "Conway, Paul Bernard"]
[Black "Myall, Ivan J"]
[Result "0-1"]
[WhiteElo "1895"]
[BlackElo "1991"]
[PlyCount "54"]
[EventDate "2017.11.11"]
[EventType "team-tourn"]
[EventRounds "11"]
[EventCountry "ENG"]
[SourceTitle "EXT 2020"]
[Source "ChessBase"]
[SourceDate "2019.10.17"]
[SourceVersion "1"]
[SourceVersionDate "2019.10.17"]
[SourceQuality "1"]
[WhiteTeam "Hackney"]
[BlackTeam "Anglian Avengers II"]
[WhiteTeamCountry "ENG"]
[BlackTeamCountry "ENG"]

1. e4 e5 2. Nf3 Nc6 3. Bb5 Bc5 4. 0-0 Nd4 5. Nxd4 Bxd4 6. c3 Bb6 7. d4 c6 8. Ba4 d6 9. Na3 Qf6 10. Nc4 Bc7 11. dxe5 dxe5 12. Bc2 b5 13. Ne3 Ne7 14. a4 bxa4 15. Rxa4 0-0 16. Nc4 Rd8 17. Qe2 Ng6 18. Kh1 Nf4 19. Qf3 a5 20. Rd1 Ba6 21. Be3 Bb5 22. Nb6 Bxb6 23. Bxb6 Rxd1+ 24. Qxd1 Qg6 25. g3 Be2 26. Rxa5 Rf8 27. Qd2 Qg4 0-1

[Event "BCF-chT3S 1617 (4NCL) Demotion pool"]
[Site "England"]
[Date "2017.05.01"]
[Round "11.76"]
[White "Conway, Paul Bernard"]
[Black "Alcock, Graham P"]
[Result "1/2-1/2"]
[WhiteElo "1888"]
[BlackElo "1764"]
[PlyCount "36"]
[EventDate "2016.11.26"]
[EventType "team-tourn"]
[EventRounds "11"]
[EventCountry "ENG"]
[SourceTitle "EXT 2019"]
[Source "ChessBase"]
[SourceDate "2018.10.10"]
[SourceVersion "1"]
[SourceVersionDate "2018.10.10"]
[SourceQuality "1"]
[WhiteTeam "Hackney"]
[BlackTeam "Surbiton"]
[WhiteTeamCountry "ENG"]
[BlackTeamCountry "ENG"]

1. e4 d5 2. exd5 Qxd5 3. Nc3 Qd6 4. d4 Nf6 5. h3 Bf5 6. Nf3 h6 7. Bc4 e6 8. Qe2 c6 9. Bb3 Be7 10. Bd2 a5 11. a4 0-0 12. 0-0 Nbd7 13. Rfe1 Rfe8 14. Rad1 Nd5 15. Ne5 Nxc3 16. Bxc3 Nxe5 17. Qxe5 b6 18. Qe3 Qc7 1/2-1/2

[Event "BCF-chT3Sb 1617 (4NCL)"]
[Site "England"]
[Date "2017.01.14"]
[Round "3.53"]
[White "Bryant, Richard BE"]
[Black "Conway, Paul Bernard"]
[Result "1-0"]
[WhiteElo "2057"]
[BlackElo "1866"]
[PlyCount "100"]
[EventDate "2016.11.26"]
[EventType "team-tourn"]
[EventRounds "11"]
[EventCountry "ENG"]
[SourceTitle "EXT 2019"]
[Source "ChessBase"]
[SourceDate "2018.10.10"]
[SourceVersion "1"]
[SourceVersionDate "2018.10.10"]
[SourceQuality "1"]
[WhiteTeam "Shropshire"]
[BlackTeam "Hackney"]
[WhiteTeamCountry "ENG"]
[BlackTeamCountry "ENG"]

1. e4 e6 2. Nc3 d5 3. d4 Bb4 4. e5 Qd7 5. Bd2 b6 6. f4 Ba6 7. Bxa6 Nxa6 8. Qe2 Nb8 9. Nf3 Nc6 10. 0-0 h5 11. a3 Be7 12. b4 Nh6 13. Nd1 Nf5 14. Bc3 a5 15. b5 Nd8 16. Bb2 c6 17. a4 c5 18. c3 c4 19. Ne3 Nxe3 20. Qxe3 Nb7 21. Ng5 g6 22. Rf3 Nc5 23. Ba3 Nd3 24. Bxe7 Qxe7 25. Rh3 0-0-0 26. Rf3 Rdf8 27. Rff1 Kd7 28. Nf3 Rfg8 29. Nd2 Rc8 30. Qf3 Rc7 31. Ra2 Qh4 32. Nb1 Rhc8 33. Na3 Qe7 34. Nc2 Ke8 35. Ne3 Rd8 36. g4 hxg4 37. Nxg4 Kd7 38. Nf6+ Kc8 39. Kh1 Rh8 40. Rg1 Kb8 41. Rg5 Rcc8 42. Qg3 Rh6 43. Kg1 Rch8 44. f5 Rh3 45. Qg4 gxf5 46. Rg8+ Rxg8 47. Qxg8+ Kb7 48. Rg2 Rh6 49. Ne8 Nf4 50. Nd6+ Ka7 1-0

[Event "BCF-chT4 1516 (4NCL)"]
[Site "England"]
[Date "2016.01.16"]
[Round "3.175"]
[White "Littlejohns, David"]
[Black "Conway, Paul Bernard"]
[Result "1/2-1/2"]
[WhiteElo "2006"]
[BlackElo "1907"]
[PlyCount "80"]
[EventDate "2015.11.14"]
[EventType "team-swiss"]
[EventRounds "11"]
[EventCountry "ENG"]
[SourceTitle "EXT 2017"]
[Source "ChessBase"]
[SourceDate "2016.10.25"]
[SourceVersion "1"]
[SourceVersionDate "2016.10.25"]
[SourceQuality "1"]
[WhiteTeam "West is Best II"]
[BlackTeam "Hackney II"]
[WhiteTeamCountry "ENG"]
[BlackTeamCountry "ENG"]

1. e4 e6 2. d4 b6 3. Bd3 Bb7 4. Nf3 Nf6 5. Qe2 d5 6. exd5 Nxd5 7. Bd2 Be7 8. 0-0 Nd7 9. c3 N5f6 10. Bg5 0-0 11. Nbd2 c5 12. Bxf6 Nxf6 13. dxc5 Bxc5 14. Ne4 Nxe4 15. Bxe4 Bxe4 16. Qxe4 Rc8 17. Rad1 Qc7 18. Rd3 h6 19. Rfd1 Rfd8 20. h3 Rxd3 21. Qxd3 Be7 22. Qd7 Bf6 23. Qa4 a5 24. Rd7 Qc6 25. Qxc6 Rxc6 26. Nd4 Bxd4 27. Rd8+ Kh7 28. Rxd4 Kg6 29. Kf1 f5 30. Ke2 e5 31. Rd7 Kf6 32. h4 g5 33. hxg5+ hxg5 34. Rh7 Kg6 35. Rh8 Kg7 36. Re8 Kf6 37. Rf8+ Ke6 38. Rg8 Kf6 39. Rf8+ Ke6 40. Rg8 Kf6 1/2-1/2

[Event "BCF-chT3 1415 (4NCL)"]
[Site "England"]
[Date "2015.05.04"]
[Round "11.237"]
[White "Conway, Paul Bernard"]
[Black "Somerset, William P"]
[Result "1-0"]
[WhiteElo "1892"]
[BlackElo "1915"]
[PlyCount "53"]
[EventDate "2015.03.21"]
[EventType "team-swiss"]
[EventRounds "11"]
[EventCountry "ENG"]
[SourceTitle "EXT 2016"]
[Source "ChessBase"]
[SourceDate "2015.10.08"]
[SourceVersion "1"]
[SourceVersionDate "2015.10.08"]
[SourceQuality "1"]
[WhiteTeam "Hackney II"]
[BlackTeam "Bradford DCA Knights II"]
[WhiteTeamCountry "ENG"]
[BlackTeamCountry "ENG"]

1. e4 c5 2. Nc3 Nc6 3. f4 g6 4. Nf3 Bg7 5. Bc4 e6 6. 0-0 Nge7 7. a3 d5 8. Ba2 dxe4 9. Nxe4 b6 10. d3 0-0 11. Rb1 Nd5 12. Qe1 Nd4 13. Qf2 Nxf3+ 14. Qxf3 Bd7 15. Bd2 Bc6 16. Qh3 Qd7 17. Qh4 Qe7 18. Qh3 Rad8 19. Ng5 h6 20. Nf3 Qc7 21. f5 exf5 22. Bxh6 Nf4 23. Qh4 Rd4 24. Nxd4 Bxd4+ 25. Rf2 Nxg2 26. Qg5 Be3 27. Qxg6+ 1-0